00651nam a2200205Ia 4500003000400000005001700004006001800021007000300039008004100042037001700083040001800100041001300118082002000131100001700151245006900168260003400237300001400271490011600285500004400401OSt20220925204935.0a|||||r|||| 00| 0ta220923b |||||||| |||| 00| 0 eng d cGeneral Book aRTLcRTLbeng 2engaeng aY:3(Q).5.N7, L2 aMol Hans Ed. 0aWestern religion b A country by country sociological inquiry  aHaguebMouton c1972 a642pccm. aReligion and Reason: Method and Theory in the Study and Interpretation of Religion. Ed by Jacques Waardenburg.2 aBibliography at the end of each chapter